000 01235nam a22002777a 4500
001 BD-DhSAU
003 BD-DhSAU
005 20241212164211.0
008 150420b2005 bg ||||| m||| 00| 0 eng d
040 _aBD-DhSAU
082 _222
_a616.96
_bR821
100 _aADNAN, M. RUBAIYAT
_eRegistration No. # 16-07247
245 _aMolecular detection and antibiotic resistance profiling of escherichia coli and salmonella spp. isolated from apparently healthy and diarrheic pets in dhaka city, bangladesh /
_bMS thesis
260 _aSher-e-Bangla Agricultural University:
_bDepartment of microbiology and parasitology ,
_c2023
300 _axi, 92p. ;
_c30 cm.
500 _aMS thesis of Department of microbiology and parasitology SYSTEM , Faculty of ASVM, Sher-e-Bangla Agricultural University, Dhaka, Bangladesh
504 _aIncludes bibliographical reference.
590 _aNazmul
650 _amolecular detection and antibiotic resistance profiling
651 _acoli and salmonella spp. isolated
654 _adiarrheic pets in dhaka city, bangladesh
700 _aAssist. Prof. Dr. Mahfuzul Islam
_eSuperviser
700 _aAssist. Prof. S. M. Abdullah
_eCo-superviser
942 _2ddc
_cTHESIS
999 _c17681
_d17680